000 00801nam a22002297a 4500
005 20230102134401.0
008 230102b ||||| |||| 00| 0 eng d
020 _a9789385682995
040 _cAL
041 _aEnglish
082 _223
_a510.2433K
_bLOBG
100 _aNorbert Lobo ನೋಬರ್ಟ್ ಲೋಬೊ
_968059
245 _aGanithatmaka Arthashastra ಗಣಿತಾತ್ಮಕ ಅರ್ಥಶಾಸ್ತ್ರ
260 _aMangaluru
_bUnited Agencies ಯುನೈಟೆಡ್ ಏಜೆನ್ಸಿಸ್
_c2022
300 _a176 p.
_bPB
_c21x13 cm.
365 _a6672
_b₹128.00
_c
_d₹160.00
_e20%
_f16-12-2022
650 _aMathematical Economics
_968060
650 _aIII Sem B A
_968061
650 _aNEP
_968062
700 _aLOBO (Norbert)
_968063
942 _2ddc
_cBK
999 _c226144
_d226144